| 000 | 00444pab a2200145 454500 | ||
|---|---|---|---|
| 008 | 180718b1983 xxu||||| |||| 00| 0 eng d | ||
| 100 | _aKatrak, Homi | ||
| 245 | _aGlobal profit maximisation and the export performance of foreign Subsidiaries in India | ||
| 260 | _c1983 | ||
| 300 | _a205-22 | ||
| 362 | _aMay | ||
| 650 | _aInternational Business Enterprises - India | ||
| 773 | _aOxford Bulletin of Economics and Statistics | ||
| 909 | _a11207 | ||
| 999 |
_c11207 _d11207 |
||